Länder Afrikas mit weniger als 7 Buchstaben - Statistiken

Allgemein
  • Dieses Quiz wurde 68 mal gespielt
    24 seit der letzten Aktualisierung
  • Das Durchschnittsergebnis liegt bei 14 aus 18
Antwortstatistiken
Hint Antwort % Korrekt
6 Guinea
90%
10 Mali
90%
5 Ghana
86%
11 Niger
86%
15 Sudan
86%
1 Angola
81%
17 Tschad
81%
7 Kenia
76%
13 Ruanda
76%
16 Togo
76%
18 Uganda
76%
4 Gambia
71%
14 Sambia
71%
2 Benin
67%
3 Gabun
67%
8 Libyen
67%
9 Malawi
67%
12 Nigeria
43%
Keine übereinstimmenden Quizze gefunden
Verteilung der Resultate
Anzahl Personen mit jedem Resultat
Perzentil nach korrekt beantworteten Fragen
Ihre Resultats-Entwicklung
Sie haben dieses Quiz seit der letzten Aktualisierung nicht gespielt